[Event "Portugal Open 2018"]
[Site "Lisboa POR"]
[Date "2018.02.04"]
[Round "3.35"]
[White "Cabello Aguilar, Enrique"]
[Black "Fidalgo, André"]
[Result "0-1"]
[WhiteElo "2015"]
[BlackElo "2205"]
[WhiteFideId "2231115"]
[BlackFideId "1933620"]
[BlackTitle "NM"]
[WhiteCountry "ESP"]
[BlackCountry "POR"]
[PlyCount "94"]
[EventDate "2018.??.??"]

1. c4 Nf6 2. g3 c5 3. Bg2 g6 4. Nf3 Bg7 5. O-O O-O 6. Nc3 Nc6 7. d4 cxd4 8. Nxd4
Nxd4 9. Qxd4 d6 10. Qh4 Qb6 11. Rb1 Be6 12. b3 Rac8 13. Bh6 Bxh6 14. Qxh6 Qa5
15. Qd2 b6 16. Rfd1 Qh5 17. Nb5 Bd7 18. Nd4 Rfd8 19. h4 Qc5 20. Qg5 Kg7 21. Rd2
e5 22. Nc2 Ng4 23. Ne3 f6 24. Qxg4 Bxg4 25. Nxg4 f5 26. Ne3 Qa3 27. Rbd1 e4 28.
f3 exf3 29. Bxf3 Qc5 30. Rd4 Qe5 31. Kf2 Re8 32. Ng2 Rcd8 33. Rd5 Qe7 34. R1d3
Qf6 35. R5d4 h6 36. Nf4 Re5 37. Nd5 Rxd5 38. Rxd5 g5 39. R5d4 Qe7 40. Bc6 Qc7
41. Bd5 Rf8 42. hxg5 hxg5 43. Kg2 Qe7 44. Rd2 Rh8 45. Bf3 Rh6 46. g4 Qe5 47.
gxf5 Rh2+ 0-1

[Event "Portugal Open 2018"]
[Site "Lisboa POR"]
[Date "2018.02.04"]
[Round "3.36"]
[White "Simões, Miguel"]
[Black "Ferreira, Hugo"]
[Result "0-1"]
[WhiteElo "1794"]
[BlackElo "2158"]
[WhiteFideId "1946307"]
[BlackFideId "1915940"]
[WhiteCountry "POR"]
[BlackCountry "POR"]
[PlyCount "78"]
[EventDate "2018.??.??"]

1. e4 c6 2. Nc3 d5 3. Nf3 dxe4 4. Nxe4 Nf6 5. Qe2 Bf5 6. Nxf6+ gxf6 7. d3 Qb6 8.
g3 Nd7 9. Bg2 O-O-O 10. O-O e5 11. Nd2 Be6 12. Nb3 h5 13. Be3 Qc7 14. f4 h4 15.
f5 Bd5 16. g4 Bxg2 17. Qxg2 h3 18. Qe4 Nb6 19. c4 Bh6 20. Rf3 Bxe3+ 21. Qxe3 e4
22. dxe4 Nxc4 23. Qxa7 Qe5 24. Re1 Rhg8 25. Rg3 Qxb2 26. Qf2 Qe5 27. Qc2 Qb5 28.
Rc1 Ne5 29. Rd1 Qb6+ 30. Kh1 Nxg4 31. Rxd8+ Qxd8 32. Nc5 Qd4 33. Nb3 Nf2+ 34.
Kg1 Rxg3+ 35. hxg3 Qe3 36. Qd2 Qxg3+ 37. Kf1 h2 38. Qxf2 h1=Q+ 39. Ke2 Qxf2+ 0-1

[Event "Portugal Open 2018"]
[Site "Lisboa POR"]
[Date "2018.02.04"]
[Round "3.37"]
[White "Sandalakis, Angelos"]
[Black "Cavaleiro, Daniel"]
[Result "1-0"]
[WhiteElo "2448"]
[BlackElo "2010"]
[WhiteFideId "4207645"]
[BlackFideId "1904663"]
[WhiteTitle "IM"]
[WhiteCountry "GRE"]
[BlackCountry "POR"]
[PlyCount "63"]
[EventDate "2018.??.??"]

1. e4 g6 2. d4 Bg7 3. Nc3 d6 4. Be3 a6 5. Qd2 b5 6. h4 Nf6 7. f3 h5 8. Nh3 c6 9.
Ng5 Nbd7 10. e5 dxe5 11. dxe5 Nh7 12. e6 Ne5 13. Qxd8+ Kxd8 14. exf7 Nxg5 15.
O-O-O+ Bd7 16. hxg5 Nxf7 17. Bd3 Bxc3 18. bxc3 Rg8 19. Rhe1 e5 20. f4 Rc8 21.
Be4 Kc7 22. fxe5 Be6 23. Rf1 Rcd8 24. Rxd8 Nxd8 25. Rf6 Bxa2 26. Bxg6 Bd5 27.
Bxh5 Bxg2 28. Bf4 Kd7 29. Bg4+ Ke7 30. g6 Bd5 31. Bg5 Ke8 32. Bc8 1-0

[Event "Portugal Open 2018"]
[Site "Lisboa POR"]
[Date "2018.02.04"]
[Round "3.38"]
[White "Ortega Amarelle, Mariano"]
[Black "Staufenberger, Bernd"]
[Result "1-0"]
[WhiteElo "2447"]
[BlackElo "1981"]
[WhiteFideId "3504301"]
[BlackFideId "4682505"]
[WhiteTitle "IM"]
[WhiteCountry "CUB"]
[BlackCountry "GER"]
[PlyCount "115"]
[EventDate "2018.??.??"]

1. e4 c5 2. Nf3 e6 3. d3 d5 4. Nbd2 Nc6 5. g3 Bd6 6. Bg2 Nge7 7. O-O O-O 8. Re1
Qc7 9. Nh4 f6 10. f4 Bd7 11. Nhf3 Rae8 12. c3 Kh8 13. Qe2 dxe4 14. dxe4 Nc8 15.
Nc4 Be7 16. Be3 Nb6 17. Na3 a6 18. Qf2 Na4 19. Rac1 Na7 20. e5 f5 21. Nc4 Nc8
22. Red1 Bc6 23. b3 Nab6 24. Nd6 Nd7 25. Nxe8 Rxe8 26. c4 Na7 27. Rd2 h6 28.
Rcd1 b6 29. Nh4 Nf8 30. Qe2 Bxh4 31. gxh4 Qe7 32. Qf2 Ng6 33. Bxc6 Nxc6 34. Qg2
Nd4 35. Qxg6 Nf3+ 36. Kh1 Nxd2 37. Rxd2 Qb7+ 38. Qg2 Qe7 39. Bf2 Rd8 40. Be1 Rd4
41. Rxd4 cxd4 42. Kg1 d3 43. Qd2 Qd7 44. Bf2 b5 45. Be3 Kh7 46. Kf2 Qe7 47. Kg3
Qd7 48. Qc3 Kg6 49. c5 Kh5 50. c6 Qe7 51. h3 Qxh4+ 52. Kg2 g5 53. Qxd3 gxf4 54.
Bf2 Qg5+ 55. Kf3 Kg6 56. c7 Qh5+ 57. Kg2 f3+ 58. Qxf3 1-0

[Event "Portugal Open 2018"]
[Site "Lisboa POR"]
[Date "2018.02.04"]
[Round "3.39"]
[White "Injac, Teodora"]
[Black "Eberlein, Johann"]
[Result "1-0"]
[WhiteElo "2302"]
[BlackElo "1978"]
[WhiteFideId "932400"]
[BlackFideId "24623121"]
[WhiteTitle "WIM"]
[WhiteCountry "SRB"]
[BlackCountry "GER"]
[PlyCount "65"]
[EventDate "2018.??.??"]

1. Nf3 d5 2. g3 Bg4 3. Bg2 c6 4. c4 e6 5. O-O Nf6 6. cxd5 exd5 7. d3 Be7 8. Qb3
Nbd7 9. Qxb7 Nc5 10. Qb4 Nxd3 11. Qc3 Nc5 12. Be3 Na4 13. Qc2 Nb6 14. Qxc6+ Bd7
15. Qc2 Nc4 16. Bd4 Rc8 17. Qd3 O-O 18. Nbd2 Bb5 19. a4 Nxd2 20. Qxd2 Ne4 21.
Qe3 Ba6 22. Rfc1 Qa5 23. Ne5 Rxc1+ 24. Rxc1 Qxa4 25. Nc6 Bg5 26. f4 Rc8 27. b3
Qb5 28. Nxa7 Rxc1+ 29. Qxc1 Qb4 30. Nc6 Qxb3 31. fxg5 Bxe2 32. Ne7+ Kf8 33. Nf5
1-0

[Event "Portugal Open 2018"]
[Site "Lisboa POR"]
[Date "2018.02.04"]
[Round "3.40"]
[White "Chaerle, Josse"]
[Black "Ölçüm, Ahmet"]
[Result "0-1"]
[WhiteElo "2011"]
[BlackElo "2267"]
[WhiteFideId "229920"]
[BlackFideId "6311393"]
[BlackTitle "CM"]
[WhiteCountry "BEL"]
[BlackCountry "TUR"]
[PlyCount "76"]
[EventDate "2018.??.??"]

1. e4 d6 2. d4 g6 3. c4 Bg7 4. Nc3 Nc6 5. Be3 e5 6. d5 Nce7 7. g4 f5 8. gxf5
gxf5 9. Qh5+ Kf8 10. exf5 Nf6 11. Qf3 Nxf5 12. O-O-O Nxe3 13. fxe3 Bg4 14. Qg3
Bxd1 15. Kxd1 Rg8 16. Bh3 Bh6 17. Qf3 Kg7 18. Nge2 Kh8 19. Ng3 e4 20. Ncxe4 Nxe4
21. Qxe4 Bg7 22. Be6 Rf8 23. Nf5 Bxb2 24. Rg1 Qe8 25. Kc2 Be5 26. Rg4 Qa4+ 27.
Kc1 Rae8 28. Rh4 Re7 29. Qg2 Qa3+ 30. Kd1 Qd3+ 31. Kc1 Qc3+ 32. Kd1 Qa1+ 33. Ke2
Qxa2+ 34. Kf3 Qxg2+ 35. Kxg2 Rxe6 36. dxe6 Rxf5 37. e7 Rg5+ 38. Kf3 Rg8 0-1

[Event "Portugal Open 2018"]
[Site "Lisboa POR"]
[Date "2018.02.04"]
[Round "3.41"]
[White "Ferrante, Marco"]
[Black "Alshameary Puente, Daniel"]
[Result "1-0"]
[WhiteElo "2267"]
[BlackElo "1976"]
[WhiteFideId "816035"]
[BlackFideId "22252096"]
[WhiteCountry "ITA"]
[BlackCountry "ESP"]
[PlyCount "63"]
[EventDate "2018.??.??"]

1. e4 c5 2. Nf3 d6 3. Bb5+ Bd7 4. Bxd7+ Qxd7 5. O-O Nc6 6. Qe2 Nf6 7. Rd1 g6 8.
c3 Bg7 9. d4 cxd4 10. cxd4 Qg4 11. Nc3 O-O 12. h3 Qh5 13. e5 Ne8 14. Bf4 Rd8 15.
b4 Qf5 16. Bg3 dxe5 17. dxe5 Rxd1+ 18. Rxd1 Nxb4 19. Qb5 Nc6 20. Qxb7 Nxe5 21.
Nxe5 Bxe5 22. Nd5 Bf6 23. Qxe7 Qc2 24. Nxf6+ Nxf6 25. Rd8 Rxd8 26. Qxd8+ Kg7 27.
Be5 Qf5 28. Qd4 h5 29. f4 h4 30. Qxa7 g5 31. Qe7 gxf4 32. Qxf6+ 1-0

[Event "Portugal Open 2018"]
[Site "Lisboa POR"]
[Date "2018.02.04"]
[Round "3.42"]
[White "Oliveira, Marco"]
[Black "Schwartz, Ylon"]
[Result "0-1"]
[WhiteElo "2008"]
[BlackElo "2263"]
[WhiteFideId "1901583"]
[BlackFideId "2009323"]
[BlackTitle "FM"]
[WhiteCountry "POR"]
[BlackCountry "USA"]
[PlyCount "114"]
[EventDate "2018.??.??"]

1. Nf3 e6 2. d4 f5 3. g3 Nf6 4. Bg2 Be7 5. c4 O-O 6. O-O d6 7. Nc3 Ne4 8. Qc2
Nxc3 9. bxc3 Nd7 10. Rd1 Qe8 11. Bf4 Bd8 12. Bg5 Nf6 13. c5 Bd7 14. Qb2 Rb8 15.
Qa3 Ba4 16. Re1 Ne4 17. Bxd8 Rxd8 18. cxd6 cxd6 19. c4 b6 20. Nh4 Rf7 21. f4 Bc6
22. Bxe4 Bxe4 23. Nf3 h6 24. Nd2 Ba8 25. Qd3 Qc6 26. e4 fxe4 27. Qxe4 Qxe4 28.
Nxe4 d5 29. cxd5 Rxd5 30. Rad1 Rc7 31. Rd2 Rc4 32. Red1 Bc6 33. Nf2 Ra5 34. Ng4
Rca4 35. Ne5 Bd5 36. Rc1 Rxa2 37. Rxa2 Rxa2 38. Rc8+ Kh7 39. Nf7 h5 40. Ne5 Kh6
41. Nd7 Kg6 42. Ne5+ Kf5 43. h3 Rg2+ 44. Kf1 Rxg3 45. Rf8+ Ke4 46. Kf2 h4 47.
Rh8 Rxh3 48. Rh7 Kxd4 49. Rxg7 Rh2+ 50. Kg1 Rg2+ 51. Rxg2 Bxg2 52. Kxg2 Ke4 53.
Nc6 a5 54. Kh3 Kxf4 55. Kxh4 a4 56. Kh3 a3 57. Nb4 Kf3 0-1

[Event "Portugal Open 2018"]
[Site "Lisboa POR"]
[Date "2018.02.04"]
[Round "3.43"]
[White "Koziol, Kamil"]
[Black "Fidalgo, Daniel"]
[Result "1-0"]
[WhiteElo "2257"]
[BlackElo "1966"]
[WhiteFideId "1161555"]
[BlackFideId "1934279"]
[WhiteTitle "FM"]
[WhiteCountry "POL"]
[BlackCountry "POR"]
[PlyCount "57"]
[EventDate "2018.??.??"]

1. e4 e6 2. d4 d5 3. Nc3 Nf6 4. Bg5 Be7 5. e5 Nfd7 6. h4 a6 7. Qg4 h5 8. Qg3 g6
9. Nh3 Nc6 10. O-O-O Nb6 11. Nf4 Bxg5 12. hxg5 Bd7 13. Qh4 Rg8 14. g4 hxg4 15.
Bd3 Qe7 16. Qxg4 O-O-O 17. Rh7 Qf8 18. Ng2 Rg7 19. Rdh1 Qg8 20. R7h4 Qf8 21. a3
Kb8 22. Ne3 Qe7 23. Qf4 Nxd4 24. Qxd4 c5 25. Qf4 d4 26. Rh7 Rdg8 27. Rxg7 Rxg7
28. Rh8+ Ka7 29. Qf6 1-0

[Event "Portugal Open 2018"]
[Site "Lisboa POR"]
[Date "2018.02.04"]
[Round "3.44"]
[White "Lazarevic, Dusan"]
[Black "Yuksel, Atilla Koksal"]
[Result "0-1"]
[WhiteElo "1983"]
[BlackElo "2248"]
[WhiteFideId "978523"]
[BlackFideId "6306667"]
[WhiteCountry "SRB"]
[PlyCount "56"]
[EventDate "2018.??.??"]

1. e4 c5 2. d4 cxd4 3. c3 d3 4. Bxd3 Nc6 5. Nf3 d6 6. O-O g6 7. Qe2 Bg7 8. Rd1
Bg4 9. Nbd2 Nf6 10. h3 Bxf3 11. Nxf3 Nd7 12. Bf4 O-O 13. a4 a6 14. h4 Qa5 15.
Bc4 Rac8 16. h5 Qxh5 17. Rd5 Nce5 18. Nxe5 Qxe2 19. Bxe2 Bxe5 20. Be3 Nf6 21.
Rxe5 dxe5 22. f3 Rfd8 23. Kf1 Nd7 24. Rc1 Nc5 25. Bxc5 Rxc5 26. b4 Rc7 27. a5
Rd2 28. c4 Rb2 0-1

[Event "Portugal Open 2018"]
[Site "Lisboa POR"]
[Date "2018.02.04"]
[Round "3.45"]
[White "Corbalan Gomez, Juan Jose"]
[Black "Romano, João"]
[Result "0-1"]
[WhiteElo "2245"]
[BlackElo "1961"]
[WhiteFideId "2260492"]
[BlackFideId "1938541"]
[BlackCountry "POR"]
[PlyCount "84"]
[EventDate "2018.??.??"]

1. e4 e5 2. Nf3 Nc6 3. Bb5 a6 4. Ba4 Nf6 5. O-O Nxe4 6. d4 exd4 7. Re1 d5 8.
Nxd4 Bd6 9. Nxc6 Bxh2+ 10. Kf1 Qh4 11. Nd4+ b5 12. Rxe4+ dxe4 13. Bb3 O-O 14.
Ne2 Bg4 15. Qe1 Rad8 16. Nbc3 c5 17. a4 c4 18. Ba2 Be5 19. f4 Bxc3 20. Nxc3 Qh5
21. Be3 b4 22. Ne2 b3 23. cxb3 Rd3 24. Ng3 Qh2 25. Bg1 Qxg3 26. Qxg3 Rxg3 27.
bxc4 Rd8 28. Bf2 Rgd3 29. Re1 Rd1 30. c5 R8d2 31. Rxd1 Bxd1 32. Bc4 Bxa4 33.
Bxa6 Rxb2 34. Bd4 Bb5+ 35. Bxb5 Rxb5 36. Kf2 f5 37. c6 Rb8 38. c7 Rc8 39. Be5
Kf7 40. Ke3 Ke6 41. g4 g6 42. Kd4 Kd7 0-1

[Event "Portugal Open 2018"]
[Site "Lisboa POR"]
[Date "2018.02.04"]
[Round "3.46"]
[White "Crespo Gavilán, Abel"]
[Black "Neves, Pedro"]
[Result "0-1"]
[WhiteElo "1978"]
[BlackElo "2242"]
[WhiteFideId "2215470"]
[BlackFideId "1905554"]
[BlackTitle "NM"]
[WhiteCountry "ESP"]
[BlackCountry "POR"]
[PlyCount "90"]
[EventDate "2018.??.??"]

1. e3 g6 2. c4 Bg7 3. Nf3 f5 4. Nc3 Nf6 5. Be2 O-O 6. Qc2 d6 7. d4 c6 8. b4 Qe8
9. a4 e5 10. O-O Nbd7 11. a5 Nh5 12. b5 e4 13. Nd2 g5 14. a6 Qg6 15. Rb1 c5 16.
axb7 Bxb7 17. Nb3 cxd4 18. exd4 Nf4 19. Na5 Rab8 20. Bxf4 gxf4 21. Nxb7 Rxb7 22.
Nd5 Qg5 23. Qd2 Bh6 24. Kh1 Nf6 25. Nb4 Rg7 26. Rg1 Qh4 27. Qe1 f3 28. gxf3 Bf4
29. Rg3 Nh5 30. Kg2 e3 31. Nd3 exf2 32. Rxg7+ Kxg7 33. Qh1 Be3 34. f4 Rf6 35.
Bxh5 Qxh5 36. Kf1 Rg6 37. Nxf2 Bxf2 38. Kxf2 Qh4+ 39. Ke3 Re6+ 40. Kd3 Qh3+ 41.
Kd2 Qe3+ 42. Kc2 Qe2+ 43. Kb3 Re3+ 44. Kb4 Qd2+ 45. Ka4 Qa2+ 0-1

[Event "Portugal Open 2018"]
[Site "Lisboa POR"]
[Date "2018.02.04"]
[Round "3.47"]
[White "Vanden Bussche, Steven"]
[Black "Weinzettl, Ernst"]
[Result "1/2-1/2"]
[WhiteElo "1940"]
[BlackElo "2238"]
[WhiteFideId "228699"]
[BlackFideId "1600575"]
[BlackTitle "IM"]
[WhiteCountry "BEL"]
[BlackCountry "AUT"]
[PlyCount "45"]
[EventDate "2018.??.??"]

1. d4 Nf6 2. Bf4 d6 3. e3 g6 4. h3 Bg7 5. Nf3 O-O 6. Be2 c5 7. O-O Nc6 8. c3 Qb6
9. Qc1 cxd4 10. exd4 Nd5 11. Bg3 e5 12. dxe5 dxe5 13. Nbd2 Nf4 14. Bxf4 exf4 15.
Nc4 Qc7 16. Rd1 Qe7 17. Bf1 g5 18. Qc2 Be6 19. Re1 Rad8 20. Qe4 Qf6 21. Bd3 Qg6
22. Qxg6 hxg6 23. Bf1 1/2-1/2

[Event "Portugal Open 2018"]
[Site "Lisboa POR"]
[Date "2018.02.04"]
[Round "3.48"]
[White "Carpentier, Jannes"]
[Black "Santos, António P"]
[Result "0-1"]
[WhiteElo "1933"]
[BlackElo "2228"]
[WhiteFideId "235059"]
[BlackFideId "1900161"]
[BlackTitle "FM"]
[WhiteCountry "BEL"]
[BlackCountry "POR"]
[PlyCount "56"]
[EventDate "2018.??.??"]

1. b3 e5 2. Bb2 Nc6 3. e3 d5 4. Bb5 Bd6 5. f4 Qh4+ 6. g3 Qe7 7. Nf3 f6 8. Bxc6+
bxc6 9. fxe5 fxe5 10. Nxe5 Nf6 11. Nxc6 Qe4 12. O-O Bh3 13. Rf2 Ng4 14. Rf3 Nxh2
15. Kxh2 Bg4 16. Nd4 c5 17. Nc3 Qg6 18. Ncb5 O-O-O 19. Qf1 cxd4 20. Rf7 Bxg3+
21. Kg1 Bb8 22. Qg2 Qxf7 23. Qxg4+ Qd7 24. Qxd7+ Rxd7 25. Bxd4 Rf8 26. c4 Rf5
27. cxd5 Rdxd5 28. Nc3 Rd6 0-1

[Event "Portugal Open 2018"]
[Site "Lisboa POR"]
[Date "2018.02.04"]
[Round "3.49"]
[White "Ermeni, Avni"]
[Black "Turta, Stelian"]
[Result "1-0"]
[WhiteElo "2214"]
[BlackElo "1922"]
[WhiteFideId "912840"]
[BlackFideId "1924680"]
[WhiteTitle "FM"]
[WhiteCountry "KOS"]
[BlackCountry "POR"]
[PlyCount "93"]
[EventDate "2018.??.??"]

1. e4 c6 2. d4 d5 3. exd5 cxd5 4. Bd3 Nc6 5. c3 Qc7 6. Ne2 Bg4 7. f3 Bd7 8. Bf4
e5 9. dxe5 Nxe5 10. Bc2 Bc6 11. Nd4 Bd6 12. O-O Ne7 13. Nd2 O-O 14. Bg3 Rfe8 15.
f4 Nd7 16. N2f3 h6 17. Ne5 Nf6 18. Qf3 Rad8 19. Rae1 Kf8 20. Bh4 Neg8 21. g4 a6
22. Bg3 Ne4 23. Nexc6 bxc6 24. Bxe4 dxe4 25. Rxe4 Rxe4 26. Qxe4 Bc5 27. Bf2 Bxd4
28. Bxd4 c5 29. Bf2 Nf6 30. Qe5 Qxe5 31. fxe5 Nxg4 32. Bxc5+ Kg8 33. Bd4 Re8 34.
Re1 f6 35. e6 h5 36. b4 Nh6 37. a4 Nf5 38. Bc5 Nh4 39. Kf2 Ng6 40. Bd4 Rd8 41.
e7 Re8 42. b5 axb5 43. axb5 Kf7 44. b6 Ne5 45. Bxe5 fxe5 46. Rxe5 Kf6 47. Re3
1-0

[Event "Portugal Open 2018"]
[Site "Lisboa POR"]
[Date "2018.02.04"]
[Round "3.50"]
[White "Höbarth, Günter"]
[Black "Ranaldi, Lucas"]
[Result "0-1"]
[WhiteElo "1931"]
[BlackElo "2213"]
[WhiteFideId "1610198"]
[BlackFideId "1519484"]
[BlackTitle "FM"]
[WhiteCountry "AUT"]
[BlackCountry "NOR"]
[PlyCount "130"]
[EventDate "2018.??.??"]

1. d3 g6 2. g3 Bg7 3. Bg2 d5 4. c3 e5 5. Nd2 Ne7 6. e4 O-O 7. Ngf3 Nbc6 8. O-O
a5 9. a4 h6 10. Nh4 Be6 11. f4 dxe4 12. dxe4 exf4 13. gxf4 f5 14. Qe1 Qe8 15.
Qg3 fxe4 16. Bxe4 Bf5 17. Nxf5 Nxf5 18. Qh3 Kh8 19. Re1 Nd6 20. Qf3 Qe6 21. Re2
Nxe4 22. Nxe4 Qd5 23. Rd2 Qf5 24. Ng3 Ne5 25. Qxb7 Qxf4 26. Re2 Nf3+ 27. Kh1 Qh4
28. Qe4 Qh3 29. Bf4 Nh4 30. Be5 Rae8 31. Bxg7+ Kxg7 32. Qd4+ Kh7 33. Rf2 Rf3 34.
Rg1 Ref8 35. Nh5 R8f7 36. Rg3 Rxf2 37. Rxh3 Rf1+ 38. Qg1 Rxg1+ 39. Kxg1 Nf3+ 40.
Kg2 Ng5 41. Rd3 gxh5 42. Rd5 Re7 43. h4 Nf7 44. Kf2 Re5 45. Rd7 Rf5+ 46. Ke3 c5
47. Ke4 Rf2 48. Rc7 Kg6 49. Rc6+ Kg7 50. Rxc5 Rxb2 51. Rxa5 Rh2 52. Rxh5 Ng5+
53. Kd5 Kg6 54. Rxh6+ Kxh6 55. hxg5+ Kxg5 56. Kc5 Kf6 57. a5 Ke7 58. Kc6 Ra2 59.
Kb6 Kd8 60. a6 Kc8 61. a7 Ra1 62. c4 Ra2 63. c5 Ra1 64. c6 Ra2 65. c7 Ra1 0-1

[Event "Portugal Open 2018"]
[Site "Lisboa POR"]
[Date "2018.02.04"]
[Round "3.51"]
[White "Fernández Lledo, Javier"]
[Black "Stokes, Paul"]
[Result "1-0"]
[WhiteElo "2207"]
[BlackElo "1916"]
[WhiteFideId "22201432"]
[BlackFideId "419010"]
[WhiteCountry "ESP"]
[BlackCountry "ENG"]
[PlyCount "61"]
[EventDate "2018.??.??"]

1. e4 c6 2. d4 d5 3. e5 Bf5 4. Nf3 e6 5. Be2 c5 6. Be3 cxd4 7. Nxd4 Ne7 8. O-O
Nbc6 9. Nxc6 Nxc6 10. f4 Be7 11. g4 Be4 12. Nd2 O-O 13. Nxe4 dxe4 14. c3 Qxd1
15. Rfxd1 Rfd8 16. Bf1 g5 17. b4 gxf4 18. Bxf4 Rd5 19. Bg2 Rad8 20. Re1 Rd3 21.
Rac1 e3 22. Be4 Rd2 23. Rxe3 Rxa2 24. Rh3 Re2 25. Bxh7+ Kf8 26. Bd3 Rb2 27. Rf1
Kg8 28. Bh7+ Kf8 29. Bg6 Kg7 30. Bxf7 Re2 31. Bh6+ 1-0

[Event "Portugal Open 2018"]
[Site "Lisboa POR"]
[Date "2018.02.04"]
[Round "3.52"]
[White "Van Zyl-Rudd, Jack"]
[Black "Taylor, Robert Graham"]
[Result "1/2-1/2"]
[WhiteElo "2197"]
[BlackElo "1906"]
[WhiteFideId "14309017"]
[BlackFideId "1800841"]
[WhiteTitle "FM"]
[WhiteCountry "RSA"]
[BlackCountry "WLS"]
[PlyCount "70"]
[EventDate "2018.??.??"]

1. d4 Nf6 2. Bg5 c6 3. Bxf6 gxf6 4. c4 d5 5. cxd5 cxd5 6. Nc3 Nc6 7. e3 e6 8.
Nf3 Bd6 9. Bd3 a6 10. O-O O-O 11. e4 dxe4 12. Nxe4 Be7 13. Qd2 f5 14. Ng3 f6 15.
Bc4 Kh8 16. Rad1 Qe8 17. d5 exd5 18. Bxd5 Ne5 19. Rfe1 Qg6 20. Nxe5 fxe5 21.
Rxe5 Bf6 22. Ree1 Rd8 23. Qa5 Rf8 24. Qc7 f4 25. Qxf4 Bg4 26. Bf3 Bxf3 27. Qxf3
Bd4 28. Qxb7 Bxf2+ 29. Kh1 Bxe1 30. Rxe1 Rae8 31. Rd1 Rf7 32. Qd5 Rfe7 33. Qd4+
Kg8 34. Qd2 h5 35. Qf2 h4 1/2-1/2

[Event "Portugal Open 2018"]
[Site "Lisboa POR"]
[Date "2018.02.04"]
[Round "3.53"]
[White "Fernandes, Ricardo Paulos"]
[Black "Sahin, Özgün"]
[Result "0-1"]
[WhiteElo "1920"]
[BlackElo "2195"]
[WhiteFideId "1943464"]
[BlackFideId "6328121"]
[WhiteCountry "POR"]
[BlackCountry "TUR"]
[PlyCount "58"]
[EventDate "2018.??.??"]

1. b3 d5 2. Bb2 c5 3. e3 a6 4. c4 d4 5. exd4 cxd4 6. Nf3 Nc6 7. d3 Nf6 8. g3 e5
9. Nbd2 Bd6 10. Bg2 Nb4 11. Bf1 Bf5 12. Qb1 Qe7 13. Nh4 Bg4 14. a3 g5 15. Ng2 e4
16. dxe4 Nxe4 17. Nxe4 Bf3 18. Bd3 Nxd3+ 19. Qxd3 Bxe4 20. Qxd4 Bxg2+ 21. Kd2
O-O-O 22. Rae1 Be5 23. Kc2 Rxd4 24. Bxd4 f6 25. f4 gxf4 26. gxf4 Qd7 27. Bxe5
fxe5 28. Rxe5 Re8 29. Rc5+ Kb8 0-1

[Event "Portugal Open 2018"]
[Site "Lisboa POR"]
[Date "2018.02.04"]
[Round "3.54"]
[White "Boucquet, Emile"]
[Black "Newton, Andrew"]
[Result "0-1"]
[WhiteElo "2183"]
[BlackElo "1899"]
[WhiteFideId "233161"]
[BlackFideId "2403285"]
[WhiteCountry "BEL"]
[BlackCountry "SCO"]
[PlyCount "86"]
[EventDate "2018.??.??"]

1. e4 c5 2. d4 cxd4 3. c3 dxc3 4. Nxc3 Nc6 5. Nf3 d6 6. Bc4 a6 7. O-O Nf6 8. Bf4
Bg4 9. h3 Bxf3 10. Qxf3 e6 11. Rfd1 Qb8 12. Nd5 exd5 13. exd5 Ne5 14. Bxe5 dxe5
15. Qg3 Qd6 16. Re1 e4 17. Qb3 Qb4 18. Qg3 Qxc4 19. Qe5+ Be7 20. Red1 O-O 21.
Qxe7 Nxd5 22. Qxb7 Nf4 23. b3 Qe6 24. Re1 f5 25. Rac1 Qg6 26. g3 Nd3 27. Rc6
Qxc6 28. Qxc6 Nxe1 29. g4 fxg4 30. hxg4 Nf3+ 31. Kg2 Rfe8 32. Kg3 h6 33. b4 Ng5
34. a4 Rf8 35. Kg2 Rac8 36. Qxa6 Rc2 37. Qb6 Rf3 38. a5 e3 39. Qd8+ Rf8 40. Qd5+
Kh8 41. Qd1 Rcxf2+ 42. Kg3 R8f3+ 43. Kh4 Rh3# 0-1

[Event "Portugal Open 2018"]
[Site "Lisboa POR"]
[Date "2018.02.04"]
[Round "3.55"]
[White "Horta, António"]
[Black "Pein, Jonathan"]
[Result "0-1"]
[WhiteElo "1906"]
[BlackElo "2177"]
[WhiteFideId "1916971"]
[BlackFideId "417092"]
[WhiteCountry "POR"]
[BlackCountry "ENG"]
[PlyCount "52"]
[EventDate "2018.??.??"]

1. d4 Nf6 2. Nf3 g6 3. g3 Bg7 4. Bg2 O-O 5. O-O d6 6. c4 c6 7. Nc3 Qa5 8. e4
Nbd7 9. h3 e5 10. Be3 Nb6 11. Qe2 exd4 12. Bxd4 Be6 13. Nd2 Qa6 14. b3 Rfe8 15.
Rac1 Qa5 16. Nf3 Nbd7 17. Be3 Nc5 18. Qc2 Rad8 19. Rfe1 Bc8 20. Nd4 Nfd7 21.
Rcd1 Nf8 22. Nce2 Nfe6 23. Nxe6 Nxe6 24. Nd4 Nxd4 25. Bxd4 Bxd4 26. Rxd4 Qxe1+
0-1

[Event "Portugal Open 2018"]
[Site "Lisboa POR"]
[Date "2018.02.04"]
[Round "3.56"]
[White "Costa, Paulo"]
[Black "Vandamme, Florian"]
[Result "1/2-1/2"]
[WhiteElo "2175"]
[BlackElo "1898"]
[WhiteFideId "1900900"]
[BlackFideId "228672"]
[WhiteCountry "POR"]
[BlackCountry "BEL"]
[PlyCount "68"]
[EventDate "2018.??.??"]

1. Nf3 Nf6 2. g3 g6 3. Bg2 Bg7 4. O-O O-O 5. d3 d6 6. c3 e5 7. Qa4 c6 8. Qh4
Nbd7 9. Bg5 Re8 10. Nbd2 d5 11. e4 Qb6 12. b4 a5 13. a3 Qa6 14. Rfc1 Nh5 15. g4
Nf4 16. Bxf4 exf4 17. exd5 cxd5 18. Re1 Rxe1+ 19. Rxe1 Nf8 20. c4 axb4 21. axb4
Qa3 22. Ng5 Qxb4 23. Bxd5 Qxd2 24. Bxf7+ Kh8 25. Re8 Ra1+ 26. Kg2 f3+ 27. Nxf3
Qxd3 28. Rxc8 Qf1+ 29. Kg3 Ra3 30. Qe7 Qg1+ 31. Kf4 Qc1+ 32. Kg3 Qg1+ 33. Kf4
Qc1+ 34. Kg3 Qg1+ 1/2-1/2

[Event "Portugal Open 2018"]
[Site "Lisboa POR"]
[Date "2018.02.04"]
[Round "3.57"]
[White "Silva, Mariana"]
[Black "Sousa, Ludy"]
[Result "0-1"]
[WhiteElo "1901"]
[BlackElo "2165"]
[WhiteFideId "1911899"]
[BlackFideId "1504134"]
[WhiteTitle "WCM"]
[BlackTitle "CM"]
[WhiteCountry "POR"]
[BlackCountry "NOR"]
[PlyCount "102"]
[EventDate "2018.??.??"]

1. e4 c5 2. Nf3 d6 3. d4 cxd4 4. Nxd4 Nf6 5. Nc3 a6 6. Be2 e5 7. Nb3 Be7 8. O-O
Be6 9. Re1 Nbd7 10. a4 Rc8 11. Bf3 Qc7 12. a5 O-O 13. Be3 Rfe8 14. h3 Bf8 15.
Qd2 h6 16. Red1 Qc6 17. Qe1 Be7 18. Qd2 Nf8 19. Kh2 Ng6 20. g3 Nh7 21. Bg2 Red8
22. Rac1 Qd7 23. Nd5 Bxd5 24. Qxd5 Bg5 25. Bxg5 hxg5 26. Qd2 Qe6 27. Qe3 Rc6 28.
Rd2 Rdc8 29. Rcd1 Ne7 30. Bf3 g6 31. Nc1 Kg7 32. c3 Rh8 33. Bg2 Nf6 34. Kg1 Nh7
35. Nd3 Rd8 36. Nb4 Rc5 37. Ra1 Nc6 38. Nxc6 Rxc6 39. Rad1 Qe7 40. Bf1 Qc7 41.
Ra1 Rc5 42. Rd5 Rc6 43. Rd2 Nf6 44. c4 b6 45. axb6 Rxb6 46. c5 dxc5 47. Rxd8
Qxd8 48. Qxc5 Rxb2 49. Rxa6 Qd2 50. Ra4 Nd7 51. Qa7 Nb6 0-1

[Event "Portugal Open 2018"]
[Site "Lisboa POR"]
[Date "2018.02.04"]
[Round "3.58"]
[White "Dias, Ricardo"]
[Black "Gomes, José Luis"]
[Result "1-0"]
[WhiteElo "2162"]
[BlackElo "1889"]
[WhiteFideId "1930060"]
[BlackFideId "1901710"]
[WhiteCountry "POR"]
[BlackCountry "POR"]
[PlyCount "75"]
[EventDate "2018.??.??"]

1. e4 d5 2. exd5 Nf6 3. d4 Bg4 4. Nf3 Qxd5 5. Be2 Nc6 6. O-O O-O-O 7. Be3 Bxf3
8. Bxf3 Qd7 9. Bxc6 Qxc6 10. Nd2 Nd5 11. c4 Nxe3 12. fxe3 f6 13. Qg4+ Kb8 14. b4
e5 15. d5 Qb6 16. c5 Bxc5 17. bxc5 Qxc5 18. Qg3 Qxd5 19. Nb3 Rd7 20. Kh1 Rhd8
21. e4 Qf7 22. Nc5 Rd2 23. Qxe5 fxe5 24. Rxf7 Rd1+ 25. Rf1 Rxa1 26. Rxa1 Rd2 27.
Kg1 b6 28. Ne6 Rd7 29. Kf2 c5 30. Ke2 Kb7 31. Rd1 Re7 32. Ng5 h6 33. Nf3 Kc6 34.
Rd5 a5 35. Nxe5+ Kb5 36. Kd3 Rc7 37. Nc4 Rb7 38. Nd6+ 1-0